Представление документа в формате RUSMARC

ПолеНазваниеЗначение
  Тип записи a
  Библиографический уровень m
001 Контрольный номер RU/SLIB/B/208736375
005 Дата корректировки 20201206204040.1
010 Индекс ISBN __
d Цена 5-00
101 Язык документа __
a Язык текста rus
c Язык оригинала swe
200 Заглавие и сведения об ответственности 0_
a Заглавие Мир книги джунглей
f Первые сведения об ответственности Линдблад Я. ; пер. со швед. Л. Жданова
b Общее обозначение материала Текст
210 Выходные данные __
a Место издания М.
c Издательство Мир
d Дата издания 1983
215 Физическое описание __
a Объем 128 с.
c Иллюстрации/тип воспроизводства ил.
606 Тематические рубрики __
a Основная рубрика Биология
606 Тематические рубрики __
a Основная рубрика Прикладная биология
y Географическая подрубрика Индия; Шри-Ланка
610 Ключевые слова __
a Ключевые слова заповедники; экспедиции; животный мир; охрана окружающей среды; животные
686 Индексы других классификаций __
a Классификационный индекс 28.088л6; ст28.088л6
700 Автор _1
a Фамилия Линдблад
b Имя Я.
4 Код отношения 070
702 Вторичная интеллектуальная ответственность _1
a Фамилия Жданов
b Имя Л.
4 Код отношения Переводчик
4 Код отношения 730
801 Источник записи _0
a Страна RU
b Организация Муниципальное бюджетное учреждение культуры "Централизованная библиотечная система" г. Сургут (Центральная городская библиотека им. А. С. Пушкина)
g Правила каталогизации КиК/Михайлова
801 Источник записи _1
a Страна RU
b Организация Муниципальное бюджетное учреждение культуры "Централизованная библиотечная система" г. Сургут (Центральная городская библиотека им. А. С. Пушкина)
g Правила каталогизации КиК/Михайлова
852 Данные о местонахождении __
j Шифр хранения 28.088л6
i Авторский знак Л 59
p Инвентарный номер 15857
901 Тип документа __
t Тип документа m
990 Данные о заказе (DOS) __
j Количество экземпляров (DOS) 2